University Home | Library Home | Institutional Repository

The Physiology of health and illness : (Record no. 98615)

MARC details
000 -LEADER
fixed length control field 00613cam0a220018100 4500
005 - DATE AND TIME OF LATEST TRANSACTION
control field 20190819094022.0
008 - FIXED-LENGTH DATA ELEMENTS--GENERAL INFORMATION
fixed length control field 981001
020 ## - INTERNATIONAL STANDARD BOOK NUMBER
International Standard Book Number 0748731733
035 ## - SYSTEM CONTROL NUMBER
System control number (Sirsi) a141872
050 #0 - LIBRARY OF CONGRESS CALL NUMBER
Classification number QP39
Item number Hub 1997
100 1# - MAIN ENTRY--PERSONAL NAME
Personal name Hubbard, Judy
Linkage A111819.1
245 10 - TITLE STATEMENT
Title The Physiology of health and illness :
Remainder of title with related anatomy /
Statement of responsibility, etc. Judy Hubbard and Derek Mechan.
260 ## - PUBLICATION, DISTRIBUTION, ETC.
Place of publication, distribution, etc. Cheltenham :
Name of publisher, distributor, etc. Stanely Thornes (Publishers),
Date of publication, distribution, etc. 1997.
350 ## - PRICE (NR) (BK AM CF MU VM SE) [OBSOLETE]
Price 25
504 ## - BIBLIOGRAPHY, ETC. NOTE
Bibliography, etc. note Bibliography and index
650 #0 - SUBJECT ADDED ENTRY--TOPICAL TERM
Topical term or geographic name entry element Physiology
Linkage S134.1
700 00 - ADDED ENTRY--PERSONAL NAME
Personal name Mechan, Derek jt. aut.
Relator term Mechan, Derek jt. aut.
Linkage A111824.1

No items available.

© 2026 - The University of Zambia Library - Koha v25.11